00322cam a22001097a 4500008004000000082001500040100002000055245006700075260002600142300001000168650003400178180718b1973 xxu||||| |||| 00| 0 eng d aU6x54 Si64 aSinha, Jai B.P. aSome problems of public sector undertakingscby Jai B.P. Sinha aDelhibNationalc1973 a171p. aGovernment enterprise - India